Reporting on Revenue from Non-Exchange Transactions in Public Sector Accounting

Požiadavky na finančné správy z príjmu pri bezúčelových transakciách vo verejnom sektore.

Guardado en:
Detalles Bibliográficos
Autor principal: Kicová, Marianna
Formato: Capítulo de libro
Lenguaje:inglés
Materias:
Etiquetas: Agregar Etiqueta
Sin Etiquetas, Sea el primero en etiquetar este registro!

MARC

LEADER 00000naa$a2200000$$$4500
001 0248366
005 20240502083705.0
041 0 |a eng 
044 |a CZ 
245 1 0 |a Reporting on Revenue from Non-Exchange Transactions in Public Sector Accounting  |c Marianna Kicová 
520 |a Požiadavky na finančné správy z príjmu pri bezúčelových transakciách vo verejnom sektore. 
610 2 0 |a sektor verejný 
610 2 0 |a výkazníctvo finančné 
610 2 0 |a výkazy finančné 
610 2 0 |a podmienky dodacie 
610 2 0 |a účtovníctvo 
610 2 0 |a príjmy 
610 2 0 |a príjmy rozpočtu štátneho 
100 1 |a Kicová, Marianna